000 00938nam a2200265 i 4500
001 18873
003 ES-MaACL
005 20230906151937.0
007 t|
008 020405s2000 sp ||||0| spa j
020 _a84-89512-80-9
040 _aM-BN
_bspa
_cM-BN
080 _a930.85"04/14"
245 0 0 _aTópicos y realidades de la Edad Media, I /
_cEloy Benito Ruano (coord.).
260 _a[Madrid] :
_bReal Academia de la Historia,
_c2000.
300 _a301 p. :
_bil. ;
_c23 cm.
490 1 _aEstudios ;
_v2
500 _a"Conferencias originalmente pronunciadas en la Real Academia de la Historia entre los días 2 de diciembre de 1999 y 20 de enero de 2000"--P. 9.
650 4 _aCivilización medieval.
_9146249
700 1 _aBenito Ruano, Eloy.
_927689
710 2 _aReal Academia de la Historia (España)
_96309
830 0 _aEstudios ;
_v2
_9177349
852 _aES-MaACL
_jL-25356
_bR.130544
999 _c18873
_d18873